00324nam a2200145Ia 4500008004100000020002200041041000800063082001100071100001700082260002700099245002000126250000600146300000800152650001800160220805s9999 xx 000 0 und d a978-1-906388-80-5 aeng a746.44 aHedley, Gwen aLondonbBatsfordc2010 aDrawn to stitch a1 a144 aTextile Craft